000 01026cad a22002895a 4500
001 E151849
008 101215s2010 xxk f 100 0 eng d
020 _a9781842196199
035 _a(Sirsi) u151849
041 0 _aeng
100 1 _aLowthrop, Nigel
111 2 _aConstruction and Building Research Conference
_cDauphine Universite, Paris
_d2-3 September 2010
245 0 0 _aInnovation without boundaries
_h[electronic resource]
260 _aLondon
_bRICS
_c2010
520 _aA paper presented at the COBRA Conference in Paris on 2-3 September 2010.
590 _aKA
650 2 4 _aCONSTRUCTION AND BUILDING RESEARCH CONFERENCE (COBRA)
651 4 _aUnited Kingdom
_y
690 _aENVIRONMENTAL AND LAND CONSULTANCY-SUSTAINABILITY
700 1 _aMorgan, Tom
700 1 _aBrown, Sam
700 1 _aAnderson, Mike
700 1 _aGill, Samantha
700 1 _aPoll, Stephen
856 4 0 _uhttps://www.rics.org/site/scripts/download_info.aspx?fileID=7760&categoryID=720
_zBroken link - not available
942 _n0
999 _c111669
_d111669